| 000 | 00336nam a2200145Ia 4500 | ||
|---|---|---|---|
| 008 | 230312s9999||||xx |||||||||||||| ||und|| | ||
| 020 | _a0-7525-2447-x | ||
| 082 |
_a635.9 _bGOR-S |
||
| 100 | _aGordon;Vroni | ||
| 245 | 0 | _aShrubs & Trees | |
| 260 |
_bParragon _aHong Kong _c1996 |
||
| 300 | _a80 | ||
| 650 | _aArchitecture | ||
| 942 | _cBK | ||
| 999 |
_c12066 _d12066 |
||